[Event "AUTO-ADV-2018"]
[Site "http://www.queenalice.com/game.php?id=877594"]
[Date "2010.12.28"]
[Round "1"]
[White "Rubens2009"]
[Black "palaciorep"]
[Result "0-1"]
[WhiteElo "1872"]
[BlackElo "1829"]

1. e4 e5 2. Nf3 Nc6 3. Bc4 d6 4. d4 Bg4 5. O-O Nxd4 6. Be2 Bxf3 7. Bxf3 Qf6 8.
Be2 Ne7 9. Be3 Nec6 10. Bd3 a6 11. c3 Ne6 12. Na3 O-O-O 13. b4 Ne7 14. b5 a5 15.
b6 d5 16. exd5 Nxd5 17. Nb5 Nxe3 18. fxe3 Qe7 19. Qc2 cxb6 20. Rf5 f6 21. Bc4
Nc5 22. Rff1 g6 23. Rfd1 Rxd1+ 24. Rxd1 Bh6 25. Nd6+ Kb8 26. Kf2 Rd8 27. Nb5
Rxd1 28. Qxd1 f5 29. Qf3 Ne4+ 30. Ke2 Qd7 31. Bd3 Nc5 32. Bc4 f4 33. e4 Qc6 34.
Bd3 Na4 35. c4 Nb2 36. Qh3 g5 37. Qf5 Qc5 38. Qh3 Nxc4 39. Nc3 Qd4 40. Bxc4
Qxc4+ 41. Qd3 Qxd3+ 42. Kxd3 Bf8 43. Nd5 Ka7 44. Kc4 h5 45. Nf6 h4 46. Kd5 b5
47. Kxe5 a4 48. Nd5 b4 49. Kd4 b3 50. axb3 a3 51. Nc3 Ka6 52. Na2 Kb5 53. e5 Kc6
54. b4 Kb5 55. Kd5 Bxb4 56. e6 Be7 57. Kd4 Ka4 58. Kc3 b5 59. Kc2 b4 60. Kb1 b3
61. Nc3+ Ka5 62. Nd5 Bc5 63. e7 Bxe7 64. Nxe7 Kb5 65. Nd5 Kc4 66. Nb6+ Kc3 67.
Na4+ Kd2 68. Nc5 Ke2 69. Ne4 g4 70. Nf6 f3 71. gxf3 Kxf3 72. Kc1 g3 73. hxg3
hxg3 0-1

[Event "AUTO-ADV-2018"]
[Site "http://www.queenalice.com/game.php?id=877595"]
[Date "2010.12.28"]
[Round "1"]
[White "palaciorep"]
[Black "coutovet"]
[Result "1-0"]
[WhiteElo "1862"]
[BlackElo "1501"]

1. e4 e5 2. Nf3 d6 3. Nc3 a6 4. Bc4 h6 5. d3 Bd7 6. O-O a5 7. h3 c6 8. Nh2 b5 9.
Bxf7+ Kxf7 10. f4 Qb6+ 11. Kh1 Ke7 12. fxe5 dxe5 13. Qf3 Nf6 14. Be3 c5 15. Ng4
Bxg4 16. hxg4 Nbd7 17. Nd5+ Nxd5 18. Qf7+ Kd6 19. Qxd5+ Kc7 20. Rf7 1-0

[Event "AUTO-ADV-2018"]
[Site "http://www.queenalice.com/game.php?id=877596"]
[Date "2010.12.28"]
[Round "1"]
[White "coutovet"]
[Black "palaciorep"]
[Result "0-1"]
[WhiteElo "1499"]
[BlackElo "1864"]

1. e4 e5 2. Nf3 Nc6 3. d4 exd4 4. Nxd4 Nxd4 5. Qxd4 Qe7 6. Bf4 Qb4+ 7. Qxb4
Bxb4+ 8. c3 Ba5 9. a4 c6 10. Bc4 Bd8 11. e5 Ne7 12. O-O O-O 13. b4 a6 14. Na3 b5
15. axb5 axb5 16. Bb3 Ng6 17. Bg3 Bc7 18. f4 d5 19. Nc2 Rxa1 20. Rxa1 Bf5 0-1

[Event "AUTO-ADV-2018"]
[Site "http://www.queenalice.com/game.php?id=918956"]
[Date "2011.3.29"]
[Round "2"]
[White "palaciorep"]
[Black "alvarogoulart"]
[Result "1-0"]
[WhiteElo "1846"]
[BlackElo "1711"]

1. e4 e5 2. Nf3 d6 3. h3 Nf6 4. Nc3 Be6 5. Be2 Nc6 6. Bb5 Bd7 7. Bxc6 Bxc6 8. d3
Be7 9. O-O O-O 10. Nh2 d5 11. exd5 Nxd5 12. Bd2 Nxc3 13. Bxc3 Bf6 14. Ng4 Qd5
15. f3 Bh4 16. Nxe5 f6 17. Nxc6 Qxc6 18. Be1 Bxe1 19. Rxe1 Rae8 20. Rxe8 Rxe8
21. Qd2 Qb6+ 22. Kh2 Qxb2 23. Re1 Kf7 24. Rxe8 Kxe8 25. Qe3+ Kd7 26. Qxa7 Qxc2
27. Qd4+ Ke6 28. Qe4+ Kd6 29. a4 Qc6 30. Qxh7 g5 31. Qf5 Ke7 32. a5 Qd6+ 33. Kg1
Qe6 34. Qc5+ Qd6 35. Qb5 Qd4+ 36. Kf1 Qa1+ 37. Kf2 Qd4+ 38. Ke2 Qe5+ 39. Qxe5+
fxe5 40. Ke3 Kd6 41. Ke4 Ke6 42. g3 c6 43. h4 Kf6 44. hxg5+ Kxg5 45. f4+ exf4
46. gxf4+ Kf6 47. f5 Ke7 48. Ke5 c5 49. f6+ Kd7 50. Kd5 1-0

[Event "AUTO-ADV-2018"]
[Site "http://www.queenalice.com/game.php?id=918957"]
[Date "2011.3.29"]
[Round "2"]
[White "alvarogoulart"]
[Black "palaciorep"]
[Result "0-1"]
[WhiteElo "1683"]
[BlackElo "1857"]

1. e4 e5 2. Bc4 Nc6 3. Nf3 h6 4. d3 Nf6 5. Nc3 Bb4 6. Bd2 Bxc3 7. Bxc3 d6 8. O-O
Bg4 9. h3 Bxf3 10. Qxf3 O-O 11. b4 Nd4 12. Bxd4 exd4 13. Rae1 Re8 14. a3 Rb8 15.
b5 c5 16. bxc6 bxc6 17. Rb1 Qc7 18. Rfe1 Rxb1 19. Rxb1 Rb8 20. Bb3 a5 21. a4 Rb4
22. Re1 Rb8 23. g4 Re8 24. h4 Qd7 25. g5 hxg5 26. hxg5 Qg4+ 27. Qxg4 Nxg4 28.
Kg2 Ne5 29. f4 Ng4 30. Kf3 Ne3 31. f5 Nxf5 32. Kf4 Ne3 33. Rg1 g6 34. Rc1 c5 35.
c3 Rb8 36. Rb1 Kg7 37. cxd4 cxd4 38. e5 dxe5+ 39. Kf3 Nf5 40. Ke4 f6 41. Kd5
fxg5 42. Kxe5 Rb4 43. Kd5 Ne3+ 44. Ke4 g4 45. Kf4 Kf6 46. Rb2 g5+ 47. Kg3 Ke5
48. Rb1 Kf6 49. Rb2 Ke5 50. Rb1 Rb8 51. Rb2 Rf8 52. Rf2 Rxf2 53. Kxf2 Kf4 54.
Be6 g3+ 55. Ke2 Nc2 56. Bd5 Ne3 57. Bc6 g4 58. Be4 Kg5 59. Bc6 Kh4 60. Be4 Kh3
61. Ke1 Kh2 62. Bc6 g2 63. Bxg2 Kxg2 64. Ke2 g3 65. Ke1 Kf3 66. Kd2 g2 0-1

[Event "AUTO-ADV-2018"]
[Site "http://www.queenalice.com/game.php?id=918958"]
[Date "2011.3.29"]
[Round "2"]
[White "palaciorep"]
[Black "BIGJACK"]
[Result "0-1"]
[WhiteElo "1863"]
[BlackElo "1857"]

1. e4 c6 2. d4 d5 3. Nc3 dxe4 4. Nxe4 Bf5 5. Ng3 Bg6 6. Nf3 Nf6 7. Bc4 e6 8. O-O
Bd6 9. Bg5 O-O 10. h4 h6 11. Bxf6 Qxf6 12. c3 Nd7 13. Qe1 Nb6 14. Bb3 Bxg3 15.
fxg3 Qe7 16. Ne5 Bf5 17. g4 Bh7 18. Nf3 Nd7 19. g5 h5 20. Rc1 Bg6 21. Ne5 Nxe5
22. dxe5 Rad8 23. Bc2 Bxc2 24. Rxc2 Qc5+ 25. Rcf2 Rd5 26. Kh1 Rxe5 27. Qd1 Rd5
28. Qxh5 Rf5 29. Rxf5 exf5 30. g6 fxg6 31. Qxg6 f4 32. Qe6+ Kh8 33. Qe2 Rf6 34.
Rf3 Qh5 35. Qf2 g5 36. Rh3 g4 37. Rd3 g3 38. Rxg3 Qd1+ 39. Kh2 fxg3+ 40. Qxg3
Qd6 41. Qxd6 Rxd6 42. b3 Rd2 43. a4 Kh7 44. Kg1 Rc2 45. c4 Rb2 46. g4 Rxb3 47.
g5 Rh3 0-1

[Event "AUTO-ADV-2018"]
[Site "http://www.queenalice.com/game.php?id=918959"]
[Date "2011.3.29"]
[Round "2"]
[White "BIGJACK"]
[Black "palaciorep"]
[Result "0-1"]
[WhiteElo "1854"]
[BlackElo "1847"]

1. e4 e5 2. Nf3 Nc6 3. Bb5 Nge7 4. Nc3 a6 5. Ba4 d6 6. d4 Bd7 7. Bxc6 Nxc6 8.
Nd5 h6 9. O-O Bg4 10. h3 Bxf3 11. gxf3 Be7 12. Kh2 Nxd4 13. c3 Ne6 14. Rg1 Bg5
15. Bxg5 hxg5 16. Qa4+ c6 17. Rad1 O-O 18. Ne3 g6 19. Rg2 Nf4 20. Rgg1 Kg7 21.
Qb3 Rh8 22. Rg3 Qd7 23. Ng4 f6 24. Qc2 Rh4 25. Ne3 Rxh3+ 26. Kg1 Rah8 27. Rxh3
Qxh3 0-1

[Event "AUTO-ADV-2018"]
[Site "http://www.queenalice.com/game.php?id=918960"]
[Date "2011.3.29"]
[Round "2"]
[White "palaciorep"]
[Black "bassoandre"]
[Result "1/2-1/2"]
[WhiteElo "1852"]
[BlackElo "1962"]

1. e4 c6 2. d4 d5 3. Nc3 dxe4 4. Nxe4 Bf5 5. Ng3 Bg6 6. Nf3 Nf6 7. c3 e6 8. Bd3
Bxd3 9. Qxd3 Bd6 10. O-O Nbd7 11. Re1 Qc7 12. Nf5 O-O 13. Nxd6 Qxd6 14. Ne5 h6
15. g3 Rad8 16. Bf4 Qe7 17. Nxd7 Rxd7 18. Qf3 Nd5 19. Bd2 Qf6 1/2-1/2

[Event "AUTO-ADV-2018"]
[Site "http://www.queenalice.com/game.php?id=918961"]
[Date "2011.3.29"]
[Round "2"]
[White "bassoandre"]
[Black "palaciorep"]
[Result "1/2-1/2"]
[WhiteElo "1982"]
[BlackElo "1847"]

1. e4 e5 2. Nf3 Nc6 3. Bc4 h6 4. d4 exd4 5. Nxd4 Nxd4 6. Qxd4 d6 7. Nc3 Be6 8.
Bxe6 fxe6 9. Be3 Qf6 10. O-O-O Qxd4 11. Bxd4 e5 12. Nd5 Kd7 13. Bxe5 Ne7 14. Bg3
Ng6 15. Rhe1 Re8 16. Nf4 Nxf4 17. Bxf4 Re6 18. f3 Be7 19. Rd5 1/2-1/2

[Event "QA-ANNIV-06"]
[Site "http://www.queenalice.com/game.php?id=924322"]
[Date "2011.4.10"]
[Round "4"]
[White "msbasso01"]
[Black "palaciorep"]
[Result "1-0"]
[WhiteElo "1995"]
[BlackElo "1856"]

1. e4 e5 2. Nf3 Nc6 3. Bc4 Nf6 4. Ng5 d5 5. exd5 Nxd5 6. d3 h6 7. Ne4 Nf6 8.
Nbc3 Bd6 9. Be3 O-O 10. O-O Bd7 11. Qf3 Nd4 12. Qd1 Nxe4 13. Nxe4 Bc6 14. a3
Bxe4 15. dxe4 Nc6 16. Qg4 Qf6 17. Rad1 a6 18. c3 Rad8 19. Rd2 Be7 20. Rfd1 Rxd2
21. Rxd2 Rd8 22. Qd1 Rxd2 23. Qxd2 Na5 24. Ba2 c5 25. Qd5 b6 26. Qa8+ Kh7 27.
Qxa6 Qd6 28. Bd5 Bg5 29. Bxg5 hxg5 30. b4 cxb4 31. axb4 Nc6 32. Qxb6 Qf6 33.
Qxc6 Qf4 34. g3 Qc1+ 35. Kg2 f6 36. Qe6 Kh6 37. Qg8 g4 38. Bf7 Qxc3 39. Qh8+ Kg5
40. Qh5# 1-0

[Event "AUTO-ADV-2217"]
[Site "http://www.queenalice.com/game.php?id=959900"]
[Date "2011.7.13"]
[Round "1"]
[White "palaciorep"]
[Black "luiz_gustavo"]
[Result "1-0"]
[WhiteElo "1800"]
[BlackElo "1793"]

1. e4 e5 2. Nf3 Nc6 3. Bb5 a6 4. Bxc6 dxc6 5. h3 Bd6 6. O-O Nf6 7. Nc3 O-O 8. d3
c5 9. Bg5 h6 10. Bxf6 Qxf6 11. Nd5 Qe6 12. c4 b5 13. b3 b4 14. Nh2 Bb7 15. Re1
c6 16. Nb6 Rad8 17. Ng4 Bc7 18. Na4 Bc8 19. Ne3 Qe7 20. Nf5 Bxf5 21. exf5 Rd4
22. Re4 Rfd8 23. Rxd4 cxd4 24. Qf3 c5 25. Re1 Rd6 26. Nxc5 Rc6 27. Ne4 Bd8 28.
Ng3 Rf6 29. Ne4 Rb6 30. Qg4 Qh4 31. Nc5 Qxg4 32. hxg4 f6 33. f4 Rc6 34. Ne4 exf4
35. Kf2 Kf7 36. Kf3 Bc7 37. g3 fxg3 38. Nxg3 Bxg3 39. Kxg3 a5 40. Re4 Rd6 41.
Kf4 Kf8 42. Re6 Rxe6 43. fxe6 g5+ 44. Kf5 Ke7 45. c5 1-0

[Event "AUTO-ADV-2217"]
[Site "http://www.queenalice.com/game.php?id=959901"]
[Date "2011.7.13"]
[Round "1"]
[White "luiz_gustavo"]
[Black "palaciorep"]
[Result "0-1"]
[WhiteElo "1843"]
[BlackElo "1849"]

1. e4 e5 2. Nf3 Nc6 3. Bb5 Nge7 4. O-O Ng6 5. Nc3 Bc5 6. d3 Nd4 7. Nxd4 Bxd4 8.
Ne2 c6 9. Ba4 b5 10. Nxd4 bxa4 11. Nf5 O-O 12. h3 d6 13. b3 Nf4 14. Bxf4 exf4
15. Qg4 Bxf5 16. Qxf4 Bg6 17. c4 axb3 18. axb3 f5 19. e5 dxe5 0-1

[Event "AUTO-ADV-2217"]
[Site "http://www.queenalice.com/game.php?id=959902"]
[Date "2011.7.13"]
[Round "1"]
[White "palaciorep"]
[Black "thomas01"]
[Result "1-0"]
[WhiteElo "1816"]
[BlackElo "1437"]

1. e4 d5 2. e5 Nc6 3. Nf3 Bf5 4. d4 Nb4 5. Bd3 e6 6. Bxf5 Qd7 7. Bh3 f6 8. c3
Nc6 9. Bf4 f5 10. O-O Be7 11. Nbd2 O-O-O 12. Qa4 h6 13. Ne1 g5 14. Nd3 g4 15.
Bxg4 fxg4 16. Nb3 Kb8 17. Ndc5 Qc8 18. Qb5 a6 19. Nxa6+ Ka8 20. g3 bxa6 21.
Qxc6+ Ka7 22. Na5 Bg5 23. Bxg5 hxg5 24. f4 Ne7 25. Qc5+ Ka8 26. Qxe7 gxf4 27.
Rxf4 Rde8 28. Qc5 1-0

[Event "AUTO-ADV-2217"]
[Site "http://www.queenalice.com/game.php?id=959903"]
[Date "2011.7.13"]
[Round "1"]
[White "thomas01"]
[Black "palaciorep"]
[Result "1-0"]
[WhiteElo "1577"]
[BlackElo "1826"]

1. e4 e5 2. d4 exd4 3. Nf3 Nc6 4. Bc4 h6 5. c3 dxc3 6. Nxc3 Bb4 7. Bd2 Qe7 8. a3
Bxc3 9. bxc3 Ne5 10. Nxe5 Qxe5 11. O-O c6 12. f4 Qc5+ 13. Kh1 Qxc4 14. e5 Ne7
15. f5 Qc5 16. Qe1 b6 17. a4 Ba6 18. Be3 Qxe5 19. Rf2 Qxc3 20. Qxc3 f6 21. h4
Nd5 22. Qd4 O-O-O 23. a5 Nxe3 24. Qxe3 Rhe8 25. Qg3 Re7 26. axb6 Kb7 27. Qc7+
Ka8 28. Qxa7# 1-0

[Event "AUTO-ADV-2217"]
[Site "http://www.queenalice.com/game.php?id=959904"]
[Date "2011.7.13"]
[Round "1"]
[White "palaciorep"]
[Black "brigador"]
[Result "0-1"]
[WhiteElo "1865"]
[BlackElo "1913"]

1. e4 c6 2. Nc3 d5 3. exd5 cxd5 4. d4 e6 5. Bb5+ Bd7 6. Qe2 Bb4 7. Bd2 Bxc3 8.
Bxd7+ Qxd7 9. Bxc3 Nf6 10. Nf3 O-O 11. Ne5 Qc7 12. O-O Ne4 13. Bb4 Re8 14. f3
Nf6 15. Rac1 Nc6 16. Nxc6 Qxc6 17. Be1 b6 18. c3 Rac8 19. Qe5 Nd7 20. Qe2 e5 21.
Qd3 exd4 22. Qxd4 Qc4 23. Qf2 Qxa2 24. Rc2 Re6 25. Bd2 Qc4 26. Re1 Rce8 27. Rxe6
Rxe6 28. Bg5 Qd3 29. Rd2 Qb1+ 30. Qf1 Re1 0-1

[Event "AUTO-ADV-2217"]
[Site "http://www.queenalice.com/game.php?id=959905"]
[Date "2011.7.13"]
[Round "1"]
[White "brigador"]
[Black "palaciorep"]
[Result "1-0"]
[WhiteElo "1842"]
[BlackElo "1866"]

1. e4 e5 2. Nf3 Nc6 3. d4 exd4 4. Nxd4 Nxd4 5. Qxd4 Qe7 6. Bd3 d6 7. Nc3 Nf6 8.
Bg5 Rg8 9. Bxf6 gxf6 10. Nd5 Qd8 11. Nxf6+ Ke7 12. Nxg8+ Kd7 13. Nf6+ Kc6 14.
Qd5+ Kb6 15. Qb5# 1-0

[Event "QA-ANNIV-06"]
[Site "http://www.queenalice.com/game.php?id=966937"]
[Date "2011.7.31"]
[Round "5"]
[White "palaciorep"]
[Black "Mariojose"]
[Result "0-1"]
[WhiteElo "1851"]
[BlackElo "1624"]

1. e4 e5 2. Nf3 d6 3. h3 Nf6 4. Nc3 Nc6 5. Bb5 h6 6. Nd5 Bd7 7. Nxf6+ Qxf6 8.
Bxc6 Bxc6 9. d3 Be7 10. O-O Bd7 11. b3 O-O-O 12. Bb2 Kb8 13. Qe2 Qg6 14. Kh1 a6
15. d4 exd4 16. Nxd4 Rhe8 17. f4 Bf6 18. f5 Qg5 19. Qf3 Be5 20. Rab1 Qg3 21.
Qxg3 Bxg3 22. Rf3 Be5 23. Re1 c5 24. c3 cxd4 25. cxd4 Bf6 26. Rg1 Rxe4 27. g4
Re2 28. Bc3 Bc6 29. Rf1 Rc2 30. Kg1 Bxf3 31. Rxf3 Re8 32. Bb4 Bxd4+ 33. Kf1 Rxa2
34. Bxd6+ Ka7 35. Rd3 Bb6 36. Rd1 Rf2+ 37. Kg1 Rd2+ 38. Kf1 Rxd1+ 39. Kg2 Rxd6
40. Kg3 Re3+ 41. Kh4 Bd8+ 42. g5 Rd4+ 43. Kh5 Rxh3# 0-1

[Event "AUTO-OPEN-2500"]
[Site "http://www.queenalice.com/game.php?id=992761"]
[Date "2011.10.3"]
[Round "1"]
[White "palaciorep"]
[Black "Severynnas"]
[Result "1-0"]
[WhiteElo "1797"]
[BlackElo "1434"]

1. e4 e6 2. e5 Nc6 3. Nf3 g6 4. d4 Nb4 5. a3 Nc6 6. Nc3 Be7 7. Bb5 h6 8. Bxc6
dxc6 9. O-O b6 10. Ne2 c5 11. c3 Bb7 12. Nd2 cxd4 13. cxd4 Bd5 14. Nf4 g5 15.
Nxd5 Bf8 16. Nb4 Qe7 17. Qa4+ b5 18. Qxb5+ c6 19. Qxc6+ Kd8 20. Qxa8+ Kd7 21.
Qxa7+ Ke8 22. Qb8+ Qd8 23. Qxd8+ Kxd8 24. Ne4 Kc8 25. Be3 f6 26. Nxf6 Nxf6 27.
exf6 Rh7 28. d5 exd5 29. Nxd5 Kd7 30. Rad1 Rf7 31. Rfe1 Bd6 32. b4 Kc6 33. h4
gxh4 34. Bxh6 Rh7 35. Bg5 Ra7 36. Ne7+ Kd7 37. Nf5 Ra6 38. f7 Ra8 39. Rxd6+ Kc8
40. f8=Q+ Kb7 41. Re7# 1-0

[Event "AUTO-OPEN-2500"]
[Site "http://www.queenalice.com/game.php?id=992762"]
[Date "2011.10.3"]
[Round "1"]
[White "Severynnas"]
[Black "palaciorep"]
[Result "0-1"]
[WhiteElo "1310"]
[BlackElo "1818"]

1. d4 d5 2. Nf3 Nc6 3. Nc3 Nf6 4. g3 Bg4 5. Nd2 Qc8 6. f3 Bh3 7. Bxh3 Qxh3 8. e3
e6 9. Nf1 Bb4 10. Nd2 Bxc3 11. bxc3 Qg2 12. Rf1 Qxh2 13. Nb3 Qxg3+ 14. Kd2 O-O-O
15. Ba3 e5 16. dxe5 Nxe5 17. Kc1 Rd7 18. Nc5 Rdd8 19. e4 dxe4 20. Qe2 Rhe8 21.
fxe4 Qxc3 22. Rb1 Qxa3+ 23. Rb2 Qxc5 24. c3 Qxc3+ 25. Kb1 Nc4 26. Rb5 Na3# 0-1

[Event "AUTO-OPEN-2500"]
[Site "http://www.queenalice.com/game.php?id=992763"]
[Date "2011.10.3"]
[Round "1"]
[White "palaciorep"]
[Black "odagovda"]
[Result "0-1"]
[WhiteElo "1806"]
[BlackElo "1975"]

1. e4 e6 2. e5 c5 3. Nf3 Nc6 4. Nc3 a6 5. d4 cxd4 6. Ne4 Nxe5 7. Nxe5 Qa5+ 8.
Bd2 Qxe5 9. Bd3 d5 10. f4 Qc7 11. Ng3 Nf6 12. O-O Bc5 13. Re1 O-O 14. Nh5 Nxh5
15. Qxh5 g6 16. Qh6 Bd7 17. b4 Bd6 18. g3 Rfe8 19. Rac1 Bb5 20. f5 exf5 21.
Rxe8+ Rxe8 22. Bxb5 axb5 23. c3 Qb6 24. Kg2 Re2+ 25. Kh1 d3 26. Rf1 Qc6 27. Kg1
d4 28. Rf2 Rxf2 29. Kxf2 dxc3 30. Be3 Bf8 31. Qf4 d2 32. Qd4 Qc4 33. Qd8 Qxb4
34. Bh6 d1=Q 35. Bxf8 Qxd8 36. Bxb4 Qd4+ 37. Kg2 Qxb4 38. a3 Qe4+ 39. Kh3 c2 40.
a4 c1=Q 41. axb5 Qf1# 0-1

[Event "AUTO-OPEN-2500"]
[Site "http://www.queenalice.com/game.php?id=992764"]
[Date "2011.10.3"]
[Round "1"]
[White "odagovda"]
[Black "palaciorep"]
[Result "1-0"]
[WhiteElo "1880"]
[BlackElo "1820"]

1. Nf3 d5 2. g3 Nf6 3. Bg2 e6 4. O-O Nc6 5. d4 Be7 6. Nbd2 O-O 7. c3 Bd7 8. Qc2
h6 9. e4 dxe4 10. Nxe4 Nxe4 11. Qxe4 Rb8 12. Rd1 a6 13. d5 exd5 14. Rxd5 Bf6 15.
Qd3 Ne5 16. Nxe5 Bxe5 17. Rxd7 Qf6 18. Be3 Bd6 19. Bh3 Qf3 20. Rd1 Qh5 21. Qf5
Qxd1+ 22. Kg2 Rbd8 23. Bg4 Qa1 24. Rxd8 Rxd8 25. Bf3 Qxb2 26. Bd4 Rf8 27. Be4 f6
28. Qh7+ Kf7 29. Bd5+ Ke8 30. Qxg7 Qe2 31. Bxb7 Qxa2 32. Bc6+ Kd8 33. Qd7# 1-0